Konec hry
Rozhovor s Mojmírem Hamplem, viceguvernérom Českej národnej banky, na aktuálne témy, ako sú kríza eurozóny, európska fiškálna federácia, regulácia finančného sektora a jej dopady na bankovníctvo v ČR.
Saved in:
| Main Author: | |
|---|---|
| Other Authors: | |
| Format: | Book Chapter |
| Language: | Czech |
| Subjects: | |
| Tags: |
No Tags, Be the first to tag this record!
|
MARC
| LEADER | 00000naa a2200000 4500 | ||
|---|---|---|---|
| 001 | 0147487 | ||
| 005 | 20231211082117.6 | ||
| 041 | 0 | |a cze | |
| 044 | |a CZ | ||
| 245 | 1 | 0 | |a Konec hry |c Jana Chuchvalcová, Karel Machala |
| 520 | |a Rozhovor s Mojmírem Hamplem, viceguvernérom Českej národnej banky, na aktuálne témy, ako sú kríza eurozóny, európska fiškálna federácia, regulácia finančného sektora a jej dopady na bankovníctvo v ČR. | ||
| 610 | 2 | 0 | |a Česko |
| 610 | 2 | 0 | |a banky centrálne |
| 610 | 2 | 0 | |a bankovníctvo |
| 610 | 2 | 0 | |a manažéri |
| 610 | 2 | 0 | |a manažment |
| 610 | 2 | 0 | |a riadenie vrcholové |
| 610 | 2 | 0 | |a vedenie |
| 610 | 2 | 0 | |a ekonómovia |
| 100 | 1 | |a Chuchvalcová, Jana | |
| 700 | 1 | |a Machala, Karel | |